Statistiques concernant Culture Générale - Série 1905

Cliquez ici pour prendre le quiz!

Statistiques générales

  • Ce quiz a été pris 89 fois
  • Le résultat moyen est 4 sur 10

Statistiques - réponses

QuestionRéponse% Correct
Quel fruit est la "conférence" ?poire
82%
Complétez l'expression qui signifie "se moquer" : "se foutre comme de l'an ....quarante
68%
Le pitaya ou pithaya ou pitahaya est un fuit majoritairement cultivé en Amérique du Sud et en Asie, connu sous le nom de "fruit du .... voir photodragon
51%
Quel est le fuit du palmier ?datte
49%
Quel nom d'arme est employé pour dire qu'il pleut beaucoup : " il pleut des ....hallebardes
45%
Familièrement, lorsque l'on mange, on casse la croûte ou la ...graine
44%
Ce nom désigne une ville des Alpes-Maritimes et une partie du corps humainMenton
42%
Quelle rivière arrose Périgueux ?Isle
31%
Ce nom désigne un fleuve d'Europe centrale et une île de la Méditerranée.Elbe
21%
En médecine, quel nom donne-t-on au relâchement des muscles d'un organe ou des ligaments qui assurent sa fixation ?ptose
5%

Distribution des résultats

Percentile par nombre de réponses

% des personnes avec chaque résultat

Votre développement - résultats

Vous n’avez pas pris ce quiz